Conejos

Guardado en:
Formato: Libro
Publicado: México : Trillas, 1996
Edición:2a. ed.
Materias:
Etiquetas: Agregar Etiqueta
Sin Etiquetas, Sea el primero en etiquetar este registro!
LEADER 00886nam a22002775a 4500
001 CEM.cems016834
005 20090929155851.0
008 130507s1996##################000#0#####d
003 CEMS
020 |a 968.2436346 
082 0 4 |a 636.9 
245 0 0 |a Conejos 
250 |a 2a. ed. 
260 |a México :  |b Trillas,  |c 1996 
300 |a 112 p. 
505 0 |a El animal -- Razas -- Alojamientos y depósitos -- Equipos -- Alimentación -- Reproducción -- Manejo -- Enfermedades -- Mejoramiento 
653 |a Conejos 
653 |a Conejos-alojamiento 
653 |a Conejos-alimentación 
653 |a Cunicultura 
653 |a Conejos-razas 
653 |a Conejos-enfermedades 
653 |a Conejos-reproducción 
653 |a Conejos-manipulación 
859 |a CEMS  |b BIB. CEMS - Agricultura  |h 636.9  |i C616  |p A0345.01  |t Ej.2 
859 |a CEMS  |b BIB. CEMS - Agricultura  |h 636.9  |i C616  |p A19314.97  |t Ej.1